Modern Fourier analysis

Αποθηκεύτηκε σε:
Λεπτομέρειες βιβλιογραφικής εγγραφής
Κύριος συγγραφέας: Grafakos, Loukas
Μορφή: Βιβλίο
Γλώσσα:English
Δημοσίευση: New York : Springer, c2014.
Έκδοση:3η εκδ.
Σειρά:Graduate texts in mathematics 250
Θέματα:
Ετικέτες: Προσθήκη ετικέτας
Δεν υπάρχουν, Καταχωρήστε ετικέτα πρώτοι!

MARC

LEADER 00000cam a2200000 a 4500
001 1/111845
008 160913t2014####nyu| ||| |||| ||eng||
020 |a 9781493912292  
040 |a GR-MyUa  |b gre  |c GR-MyUa  |e AACR2 
041 0 |a eng 
082 7 |a 515.2433   |2 (23) 
100 1 |a Grafakos, Loukas. 
245 1 0 |a Modern Fourier analysis /   |c Loukas Grafakos.  
250 |a 3η εκδ.  
260 |a New York :   |b Springer,   |c c2014. 
300 |a  xvi, 624 σ. :   |b σχέδια ;   |c 24 εκ. 
490 1 |a (Graduate texts in mathematics ;   |v 250)  
504 |a Βιβλιογραφία: σ. 605-619. Ευρετήριο. 
650 0 |a Fourier analysis. 
830 0 |a Graduate texts in mathematics  |v  250 
852 |a INST  |b SAMOS  |e 20160914  |h 515.2433 GRA  |p 005300043788  |q 005300043788  |t BK  |y 0 
922 |a 3ΕΛΗ  |b 201607  |c Τμήμα Μαθηματικών  |d Δρές 
970 |a Κοσιέρης  |b Χρήστος  |z 13-09-2016